Development potential of new energy industry and regional economic equilibrium in Western China A quantitative analysis based on technological innovation, policy support and infrastructure construction

Bibliographic Details
Main Authors: Li Mengsi
Neszmélyi György Iván
Format: Book part
Published: Budapesti Gazdaságtudományi Egyetem Budapest 2026
Series:Researchers’ Day Conference Proceedings – Budapest University of Economics and Business 2025
Subjects:
doi:10.29180/978-615-6886-26-2_2

Kulcsszavak:Western region
new energy
regional economic balance
green finance
China
Online Access:http://publikaciotar.uni-bge.hu/2624

MARC

LEADER 00000naa a2200000 i 4500
001 publ2624
005 20260325081849.0
008 260324s2026 hu o 000 zxx d
020 |a 978-615-6886-26-2 
024 |a 10.29180/978-615-6886-26-2_2  |2 doi 
040 |a BGE Publikációtár Repozitórium  |b hun 
100 1 |a Li Mengsi 
245 1 0 |a Development potential of new energy industry and regional economic equilibrium in Western China  |b A quantitative analysis based on technological innovation, policy support and infrastructure construction  |c Li Mengsi  |h [elektronikus dokumentum] 
260 |a Budapesti Gazdaságtudományi Egyetem  |b Budapest  |c 2026 
300 |a 1-10 
490 0 |a Researchers’ Day Conference Proceedings – Budapest University of Economics and Business 2025 
650 4 |a regionális tudományok 
695 |a Western region 
695 |a new energy 
695 |a regional economic balance 
695 |a green finance 
695 |a China 
700 1 |a Neszmélyi György Iván  |e aut 
856 4 0 |u https://publikaciotar.uni-bge.hu/id/eprint/2624/1/KUTAT%C3%93I%20NAP%202025%20-%20Full%20edition%20%28revised%29_2%20cikk.pdf  |z Dokumentum-elérés